000 07925cam a22020294 4500
001 u50303
003 PE-LiUPU
005 20250813165833.0
008 1983 sp a 1
020 _a8429174648
035 _a(Sirsi) i9788429174649
041 _aspa
_heng
082 0 4 _a628.530941
_bP26
082 0 4 _a628.530941
_bP26 2001
100 1 _aParker, Albert,
_eautor.
245 1 0 _aContaminación del aire por la industria /
_cAlbert Parker ; [versión española por José Costa López].
250 _a3a ed.
264 1 _aBarcelona :
_bREVERTÉ,
_c1983.
300 _a709 páginas :
_bilustraciones ;
_c21 centímetros
336 _atext
_2rdacontent
337 _aunmediated
_2rdamedia
338 _avolume
_2rdacarrier
504 _aÍndice : páginas 691-709.
505 0 _aContaminación del aire debido al uso de combustibles -- Efectos de la contaminación del aire -- Control legislativo -- Métodos de medida e inspección -- Factores metereológicos y disperción -- Altura y diseño de las chimeneas -- Principios de la reducción de contaminantes en las descargas gaseosas -- Eliminación de partículas y polvo -- Eliminación de óxidos de azufre de los gases de chimenea de las centrales de energía y las calderas industriales -- Reducción de emisiones de partículas, polvos y nieblas ácidas por las centrales de energía y calderas industriales -- Industria de la energía nuclear y usos diversos del material radiactivo -- Industrias del coque y del gas -- Refinerías del petróleo -- Ferrerías y acerías -- Producción de metales férreos -- Industrias químicas inorgánicas -- Fabricación de cemento Portland -- Industrias cerámicas -- Fábricas de cal -- Incineración de basuras -- Olores -- Vehículos automóviles.
526 _aP203
526 _aP200
526 _aSEG65
526 _aSEG64
526 _aSEG63
526 _aSEG62
526 _aSEG61
526 _aSEG60
526 _aSEG59
526 _aSEG58
526 _aSEG57
526 _aSEG56
526 _aSEG55
526 _aSEG54
526 _aSEG53
526 _aSEG52
526 _aSEG51
526 _aSEG50
526 _aSEG49
526 _aSEG48
526 _aSEG47
526 _aSEG46
526 _aSEG24
526 _aSEG23
526 _aSEG22
526 _aSEG21
526 _aSEG20
526 _aSEG19
526 _aSEG18
526 _aSEG17
526 _aSEG16
526 _aSEG14
526 _aSEG13
526 _aSEG12
526 _aSEG11
526 _aSEG10
526 _aSEG09
526 _aSEG06
526 _aSEG05
526 _aSEG04
526 _aSEG03
526 _aSEG02
526 _aSEG68
526 _aSEG66
526 _aSEG45
526 _aSEG25
526 _aSEG01
526 _aP163
526 _aP162
526 _aP161
526 _aP160
526 _aP159
526 _aP158
526 _aP157
526 _aP156
526 _aP155
526 _aP154
526 _aP153
526 _aP152
526 _aP151
526 _aP150
526 _aP149
526 _aP142
526 _aP141
526 _aP140
526 _aP139
526 _aP138
526 _aP137
526 _aP132
526 _aP131
526 _aP130
526 _aP126
526 _aP125
526 _aP124
526 _aP123
526 _aP115
526 _aP122
526 _aP121
526 _aP116
526 _a P114
526 _aP112
526 _aP111
526 _aP104
526 _aP103
526 _aP102
526 _aP101
526 _aP100
526 _aP96
526 _aP95
526 _aP93
526 _aP92
526 _aP91
526 _aP88
526 _aP83
526 _aP82
526 _aP79
526 _aP78
526 _aP75
526 _aP74
526 _aP71
526 _aP69
526 _a P51
526 _aP49
526 _aP48
526 _aP47
526 _aP33
526 _aP31
526 _a P30
526 _aP29
526 _aP27
526 _aP26
526 _aP25
526 _aP24
526 _a P22
526 _aP10
526 _aP09
526 _a P08
526 _aP06
526 _aP05
526 _aP04
526 _aP01
534 _pTítulo original :
_tIndustrial air pollution handbook
541 _g001-0042329;
596 _a1 2 3
650 1 4 _aAtmósfera
_xContaminación
650 1 4 _aContaminación industrial
859 _q65632
_h628.530941
_iP26
910 _adbm
_bncf
_cncf
_d20180116
910 _agl
_bjv
_cng
_d20111013
942 _2ddc
_cBOOK
949 _a363 P26 2001
_wDEWEY
_c1
_iFT02395
_d2017-5-2
_e2017-5-2
_lCCODEBUT1
_mBUT
_n1
_p42.00
_r0
_sY
_tBOOK
_u2015-12-31
_xINGENIERIA
_PP24
_0COMPRA
_o.STAFF. Colección General
949 _a504.3 P26 2001
_wDEWEY
_c1
_iFJ04089
_d2017-10-19
_e2017-10-19
_f2017-12-28
_g1
_lCCODEBUJ1
_mBUJ
_n5
_p105.70
_r0
_sY
_tBOOK
_u2016-11-14
_xINGENIERIA
_PP24
_0COMPRA
_o.STAFF. Colección General Juliaca
949 _a504.3 P26 2001
_wDEWEY
_c2
_iFJ04090
_d2017-3-27
_e2017-3-24
_f2017-12-28
_g1
_lCCODEBUJ1
_mBUJ
_n1
_p105.70
_r0
_sY
_tBOOK
_u2016-11-14
_xINGENIERIA
_PP24
_0COMPRA
_o.STAFF. Colección General Juliaca
949 _a628.530941 P26
_wDEWEY
_c1
_i63850
_d2018-4-9
_e2015-9-28
_f2018-2-9
_g4
_lFIA2
_mBUL
_n1
_p130.00
_q1
_r0
_sY
_tBOOK
_u2015-7-6
_xINGENIERIA
_PP24
_0COMPRA
_o.STAFF. Colección General
949 _a628.530941 P26
_wDEWEY
_c2
_i65020
_d2017-5-18
_e2017-5-15
_f2018-2-12
_g4
_lCCODEBUL1
_mBUL
_n1
_p126.00
_r0
_sY
_tBOOK
_u2015-7-6
_xINGENIERIA
_PP24
_0COMPRA
_o.STAFF. Colección General
949 _a628.530941 P26
_wDEWEY
_c3
_i65632
_d2017-6-22
_e2017-6-22
_f2018-2-12
_g4
_lCCODEBUL1
_mBUL
_n2
_p131.00
_r0
_sY
_tBOOK
_u2015-7-6
_xINGENIERIA
_PP24
_0COMPRA
_o.STAFF. Colección General
949 _a628.530941 P26
_wDEWEY
_c4
_i78015
_f2018-2-12
_g1
_lCCODEBUL1
_mBUL
_p108.00
_r0
_sY
_tBOOK
_u2018-1-16
_xINGENIERIA
_PP24
_0COMPRA
_o.STAFF. Colección Ingeniería y Arquitectura
949 _a628.530941 P26
_wDEWEY
_c5
_i78016
_f2018-2-12
_g1
_lCCODEBUL1
_mBUL
_p108.00
_r0
_sY
_tBOOK
_u2018-1-16
_xINGENIERIA
_PP24
_0COMPRA
_o.STAFF. Colección Ingeniría y Arquitectura
999 _a628.530941 P26
_wDEWEY
_c52726
_i63850
_d52726
_e2015-9-28
_f2021-11-9
_g7
_lCCODEBUL1
_mBUL
_n1
_p130.00
_q1
_r0
_sY
_tBOOK
_u2015-7-6
_xINGENIERIA
_PP24
_0COMPRA
_o.STAFF. Colección General
999 _a628.530941 P26
_wDEWEY
_c2
_i65020
_d2019-9-3
_e2019-8-23
_f2021-11-9
_g7
_lCCODEBUL1
_mBUL
_n3
_p126.00
_r0
_sY
_tBOOK
_u2015-7-6
_xINGENIERIA
_PP24
_0COMPRA
_o.STAFF. Colección General
999 _a628.530941 P26
_wDEWEY
_c3
_i65632
_d2018-6-10
_e2017-6-22
_f2021-11-9
_g7
_lCCODEBUL1
_mBUL
_n2
_p131.00
_q1
_r0
_sY
_tBOOK
_u2015-7-6
_xINGENIERIA
_PP24
_0COMPRA
_o.STAFF. Colección General
999 _a628.530941 P26
_wDEWEY
_c4
_i78015
_d2022-6-12
_e2022-6-8
_f2021-11-9
_g4
_lCCODEBUL1
_mBUL
_n1
_p108.00
_r0
_sY
_tBOOK
_u2018-1-16
_xINGENIERIA
_PP24
_0COMPRA
_o.STAFF. Colección Ingeniería y Arquitectura
999 _a628.530941 P26
_wDEWEY
_c5
_i78016
_f2021-11-9
_g4
_lCCODEBUL1
_mBUL
_p108.00
_r0
_sY
_tBOOK
_u2018-1-16
_xINGENIERIA
_PP24
_0COMPRA
_o.STAFF. Colección Ingeniría y Arquitectura
999 _a628.530941 P26 2001
_wDEWEY
_c1
_iFT02395
_d2017-5-2
_e2017-5-2
_f2019-2-20
_g1
_lCCODEBUT1
_mBUT
_n1
_p42.00
_r0
_sY
_tBOOK
_u2015-12-31
_xINGENIERIA
_PP24
_0COMPRA
_o.STAFF. Colección General Tarapoto
999 _a504.3 P26 2001
_wDEWEY
_c1
_iFJ04089
_d2018-11-26
_e2017-10-19
_f2022-1-19
_g4
_lCCODEBUJ1
_mBUJ
_n5
_p105.70
_q1
_r0
_sY
_tBOOK
_u2016-11-14
_xINGENIERIA
_PP24
_0COMPRA
_o.STAFF. Colección General Juliaca
999 _a504.3 P26 2001
_wDEWEY
_c2
_iFJ04090
_d2018-11-14
_e2017-3-24
_f2022-1-19
_g4
_lCCODEBUJ1
_mBUJ
_n1
_p105.70
_q1
_r0
_sY
_tBOOK
_u2016-11-14
_xINGENIERIA
_PP24
_0COMPRA
_o.STAFF. Colección General Juliaca
980 _81
_gALBERTO SANCHEZ Responsable de Automatización